LEADER 00810nam a2200205 i 4500 001 000000201639 003 CaOOAMICUS 005 20120208000000.0 008 120208s1979 it u000 u ita u 013 $a180343 040 $aSeMil$bita 100 1 $aParrot, André <1901-1980>.$0(OLS)http://semarc/name/4039 245 10$aAntico Oriente /$cAndré Parrot. 300 $a191 p. :$bill. ;$c29 cm. 650 4$aArte - Oriente antico.$0(OLS)http://semarc/subject/18717 773 0 $aCamusso, Lorenzo$tStoria della scultura nel mondo.$dMilano : Arnoldo Mondadori Editore, 1978.$g1$w()26232 850 $aSeMil 852 $aSeMil$W1$xVenegono$y1$m5M VII 44$j152165$B152165$CSeMilBibl$Z2$F172813 $81 961 $aOmaggio: Istituto San Vincenzo 996 $6245$aAntico Oriente$9(OLS)http://semarc/title/291821 LEADER 00590nab a2200145 i 4500 001 000000281616 003 CaOOAMICUS 005 20140915000000.0 008 140915n xx uu u0 0und r 013 $a34267 040 $aSeMil$bita 245 10$aCiotti :$bcontro il sonno delle coscienze. - 16 p. - Titolo principale dalla prima pagina. 500 $a14 settembre 2014. 773 0 $t[2014 : Luglio-Dicembre].$dBologna : Centro Editoriale Dehoniano, 2014.$w()231076 996 $6245$aCiotti :$bcontro il sonno delle coscienze. - 16 p. - Titolo principale dalla prima pagina.$9(OLS)http://semarc/title/364059